| 000 | 00785cam a22002411 4500 | ||
|---|---|---|---|
| 001 | f 26000014 | ||
| 003 | DLC | ||
| 005 | 20260227111249.0 | ||
| 008 | 930729s1926 dcua 000 0 eng c | ||
| 010 | _af 26000014 | ||
| 035 | _a(OCoLC)28534129 | ||
| 040 |
_aLibrary, U.S. Bur. of Fisheries _cNcD _dDLC |
||
| 050 | 0 | 0 |
_aSH191.T5 _b.H5 |
| 100 | 1 |
_aHildebrand, Samuel F. _q(Samuel Frederick), _d1883-1949 |
|
| 245 | 1 | 0 | _aDiamond-back terrapin culture at Beaufort, N. C. |
| 260 |
_a[Washington, _bGovt. print. off., _c1926. |
||
| 300 |
_a20 p. _billus. _c23 cm. |
||
| 490 | 0 |
_aU. S. Bureau of Fisheries. Economic circular _vno. 60 |
|
| 500 | _aCaption title. | ||
| 500 | _aAt head of title: Department of commerce. | ||
| 650 | 0 | _aDiamondback terrapin. | |
| 700 | 1 | _aHatsel, Charles. | |
| 999 |
_c23280 _d23280 |
||